01004cam a2200325 ib4500001000700000003000700007005001700014008004100031020003800072040002300110041001300133042000900146084001100155100001900166245006000185246005700245250001100302260004000313300002800353490003100381490001900412500006300431504002000494650001800514650002400532700001600556740005600572830003100628830001900659496848YEEZEN20260112140123.0250513s2024 ch g b 000 1 chi d a9789573342076q(平裝) :cNT$360 aNHUbchieCCRcNHU1 achihjpn anbic a861.571 a杉井光e著10a世界上最透明的故事 /c杉井光著 ; 簡捷譯1 i封面英文題名:aThe clearest story in the word. a初版 a臺北市 :b皇冠文化,c2024.10 a235, [2]面 ;c21公分1 a皇冠叢書 ;v第5186種1 a大賞 ;v169. a譯自:世界でいちばん透きとおった物語 a含參考書目 72lcstta小說 72lcstta日本文學1 a簡捷e譯0 a世界でいちばん透きとおった物語 0a皇冠叢書 ;v第5186種 0a大賞 ;v169.